000 00515nam a22002177a 4500
003 LK-CoDNM
005 20250206095928.0
008 250131b |||||||| |||| 00| 0 eng d
040 _aLK-CoDNM
_dLK-CoDNM
_eLK-CoDNM
041 _aeng
080 _a131
100 _aWilliams Leslie
111 _aPlatt,Robert
245 _aAids to Obstrics
250 _atwelth
260 _alondon
_bbailliere tindall and cox
_c1949
300 _a254p. ; 24 cm
490 _vpart 6
650 _ascience
942 _cBK
999 _c237898
_d237898